1552 1216 1631 1727 1885 1945 1015 1926 1737 1906 1718 1571 1947 1862 1302 1317 1583 1448 1022 1498 1176 1811 1322 1006 1878 1361 1407 1544 1484 1675 1914 1640 1526 1710 1263 1456 1650 1632 1003 1029 1550 1475 1323 1310 1424 1593 1978 1834 1321 1052 1750 1024 1776 1371 1294 1660 1792 1801 1154 1922 1096 1916 1747 1578 1292 1652 1139 1441 1332 1694 1212 1470 1489 1118 1383 1222 1554 1553 1887 1367 1762 1220 1695 1816 1474 1653 1864 1691 1394 1996 1850 1256 1356 1703 1941 1422 1088 1603 1304 BCNSPRNW ULIB Ver.6.0+V

เปลี่ยนเป็นภาษาไทย

Change to English
 แสดงรายละเอียดบรรณานุกรม
  กลับหน้าหลัก

Brief Record : Get Marc (ISO 2709) : E-mail record : QR code < ปิดหน้าต่าง
LEADER : 00000nam 2200000uu 4500
001    13399115060
003     ULIB
008    120706s2550||||th 000 0 tha d
020    ^a9789744723642
090    ^aนว.^bร930ฮ ล.3 2550
100 0  ^aโรว์ลิ่ง, เจ.เค.
245 00 ^aแฮร์รี่ พอตเตอร์ กับนักโทษแห่งอัซคามัน เล่ม 3/^cโรว์ลิ่ง, เจ.เค.
250    ^aพิมพ์ครั้งที่ 22
260    ^aกรุงเทพฯ :^bนานมีบุ๊คส์,^c2550
300    ^a520หน้า
710 1  ^aนานมีบุ๊คส์
945    ^p0^l0^i14051
995    ^aกัณชพร
999    ^aใช้งานได้ทุกระบบ
รายการนี้ยังไม่มีแท็ก
คุณยังไม่ได้ล็อกอิน คุณสามารถมีกิจกรรมร่วมกับเว็บไซต์ได้ แต่ต้องล็อกอินก่อน ::
  ล็อกอิน

รายการสื่อสารสนเทศ

ลำดับที่ ประเภท เลขเรียก/บาร์โค้ด สถานที่ สถานะ
- ไม่พบข้อมูล -

รายการใกล้เคียง
    ผู้แต่ง [โรว์ลิ่ง, เจ.เค.]

BibComment


ยังไม่เคยถูกคอมเมนท์

คอมเมนท์ทรัพยากรรายการนี้
  คอมเมนท์: แฮร์รี่ พอตเตอร์..


 Copyright 2026. Bcnsprnw @Library